Vietato ai minori

Sábháilte in:
Sonraí bibleagrafaíochta
Príomhchruthaitheoir: Norcen Luca
Formáid: LEABHAR
Teanga:Teanga Anaithnid nó Neamhbhailí
Foilsithe / Cruthaithe: Forl Zoe 1999
Clibeanna: Cuir clib leis
Níl clibeanna ann, Bí ar an gcéad duine le clib a chur leis an taifead seo!

MARC

LEADER 00000nam a2200000Ia 4500
001 42
003 NUMERAZIONE-ORIGINALE-BRESCIA
005 20260206230747.0
008 260206s9999 xx 000 0 und d
100 |a Norcen Luca 
245 0 |a Vietato ai minori 
260 |a Forl  
260 |b Zoe 
260 |c 1999 
500 |a Guida al cinema omoerotico in videocassetta 
942 |2 ddc  |c BK  |n 0 
952 |0 0  |1 0  |2 ddc  |4 0  |6 11  |7 0  |9 28224  |a BS  |b BS  |d 2026-02-06  |i 42  |l 0  |o 1-1-*  |r 2026-02-06 22:40:31  |w 2026-02-06  |x [REVISIONARE]  |y BK 
999 |c 23924  |d 23924